Open Data Biblioteca Nacional de Portugal


República Portuguesa: Ministério da Cultura
Biblioteca Nacional de Portugal

Catálogo da BNP: acesso por Identificadores Unívocos
Registos Bibliográficos associados ao registo de autoridade

Etiqueta de registo: 00230nam 2200025 450
001 1918227
003 http://id.bnportugal.gov.pt/bib/catbnp/1918227
021 ## $aPT$b398857/15
100 ## $a20151217d2015 m y0pory01030103ba
101 0# $apor
102 ## $aPT
105 ## $aa j 000yy
106 ## $ar
200 1# $aConsolidação de contas e o método da equivalência patrimonial$fRicardo Antas Oliveira
210 #9 $aLisboa$cOTOC - Ordem dos Técnicos Oficiais de Contas,$d2015
215 ## $a190, [3] p.$cil.$d30 cm
225 2# $aFormação segmentada$vSEG4015
675 ## $a657.4(469)(076)$vBN$zpor$31509686
675 ## $a658.14/.17(469)(076)$vBN$zpor$31491978
700 #1 $aOliveira,$bRicardo Antas$31629982
801 #0 $aPT$bBN$gRPC
856 41 $uhttp://rnod.bnportugal.gov.pt/ImagesBN/winlibimg.aspx?skey=&doc=1918227&img=70818&save=true
900 ## $aBIBNAC$d20160112
966 ## $lBN$mFGMON$sS.A. 160417 V.$x1
966 ## $lBN$mFGMON$sS.A. 160417 V.-D$x1

Etiqueta de registo: 00230nam 2200025 450
001 2010397
003 http://id.bnportugal.gov.pt/bib/catbnp/2010397
021 ## $aPT$b445570/18
100 ## $a20190107d2018 m y0pory01030103ba
101 0# $apor
102 ## $aPT
105 ## $ay z 000yy
106 ## $ar
200 1# $aGoodwill e impostos diferidos$fRicardo Antas Oliveira
210 #9 $a[S.l.]$cOrdem dos Contabilistas Certificados,$d2018
215 ## $a126, [1] p.$d30 cm
225 2# $aFormação SEG$v2218
675 ## $a657.41/.45(469)(076)$vBN$zpor$31696507
675 ## $a658.14/.15(469)(076)$vBN$zpor$31737514
675 ## $a336.22(469)(076)$vBN$zpor$3959264
700 #1 $aOliveira,$bRicardo Antas$31629982
801 #0 $aPT$bBN$gRPC
856 41 $uhttp://rnod.bnportugal.gov.pt/ImagesBN/winlibimg.aspx?skey=&doc=2010397&img=119332&save=true
900 ## $aBIBNAC$d20190116
966 ## $lBN$mFGMON$sS.A. 170732 V.$x1
966 ## $lBN$mFGMON$sS.A. 170732 V.-D$x1

Etiqueta de registo: 00230nam 2200025 450
001 2013254
003 http://id.bnportugal.gov.pt/bib/catbnp/2013254
021 ## $aPT$b448613/18
100 ## $a20190131d2018 m y0pory01030103ba
101 0# $apor
102 ## $aPT
105 ## $aa z 000yy
106 ## $ar
200 1# $aConsolidação de contas e o método da equivalência patrimonial$fRicardo Antas Oliveira
210 #9 $a[S.l.]$cOrdem dos Técnicos Oficiais de Contas,$dcop. 2018
215 ## $a187, [2] p.$cil.$d30 cm
225 2# $aFormação SEG$v4018
675 ## $a657.41/.45(469)(076)$vBN$zpor$31696507
675 ## $a658.14/.17(469)(076)$vBN$zpor$31491978
700 #1 $aOliveira,$bRicardo Antas$31629982
801 #0 $aPT$bBN$gRPC
856 41 $uhttp://rnod.bnportugal.gov.pt/ImagesBN/winlibimg.aspx?skey=&doc=2013254&img=121753&save=true
900 ## $aBIBNAC$d20190307
966 ## $lBN$mFGMON$sS.A. 171171 V.$x1
966 ## $lBN$mFGMON$sS.A. 171171 V.-D$x1

Etiqueta de registo: 00230nam 2200025 450
001 2176557
003 http://id.bnportugal.gov.pt/bib/catbnp/2176557
021 ## $aPT$b528819/24
100 ## $a20240809d2024 m y0pory01030103ba
101 0# $apor
102 ## $aPT
105 ## $aa z 000yy
106 ## $ar
200 1# $aConsolidação de contas e o método da equivalência patrimonial$fRicardo Antas Oliveira
210 #9 $a[S.l.]$cOrdem dos Técnicos Oficiais de Contas,$dcop. 2024
215 ## $a211, [2] p.$cil.$d30 cm
225 2# $aFormação CCC.
675 ## $a657.41/.45(035)$vBN$zpor$31208118
700 #1 $aOliveira,$bRicardo Antas$31629982
801 #0 $aPT$bBN$gRPC
856 41 $uhttp://rnod.bnportugal.gov.pt/ImagesBN/winlibimg.aspx?skey=&doc=2176557&img=197605&save=true
900 ## $aBIBNAC$d20240918
966 ## $lBN$mFGMON$sS.A. 188596 V.$x1
971 ## $cjbeatriz$d20240809
972 ## $e0$z0$d20240918$vasantos
973 ## $cmlsousa$d20240829

Etiqueta de registo: 00254nam 2200025 450
001 2281490
003 http://id.bnportugal.gov.pt/bib/catbnp/2281490
021 ## $aPT$b556343/25
100 ## $a20260318d2025 k y0pory01030103ba
101 0# $apor
102 ## $aPT
105 ## $ay j 000yy
106 ## $ar
200 1# $aEncerramento de contas 2025$eformação eventual$fRicardo Antas Oliveira, Jorge Carrapiço
210 #9 $aLisboa$cOrdem dos Contabilistas Certificados,$d2025
215 ## $a225, [2] p.$d30 cm
675 ## $a657.37(469)"2025"(076)$vBN$zpor$31995851
700 #1 $aOliveira,$bRicardo Antas$31629982
701 #1 $aCarrapiço,$bJorge$4070$31544462
801 #0 $aPT$bBN$gRPC
856 41 $uhttp://rnod.bnportugal.gov.pt/ImagesBN/winlibimg.aspx?skey=&doc=2281490&img=221390&save=true
900 ## $aBIBNAC$d20260427
966 ## $lBN$mFGMON$sS.A. 193661 V.$x1
966 ## $lBN$mFGMON$sS.A. 193661 V.-D$x1
971 ## $cssilva$d20260318
972 ## $e0$z0$d20260427$vasantos
973 ## $cmlsousa$d20260415

OpendataBNP@bnportugal.pt | Mais informação sobre acesso aos dados BNP